Geography by Letter on the World Map - A - Statistics

General Stats
  • This quiz has been taken 106,907 times
  • The average score is 14 of 20
Answers on the Map
Answers color-coded by a green-red scale on the quiz's map according to % correct below.
 
Answer Stats
Answer % Correct
Alaska
99%
Australia
98%
Argentina
97%
Angola
91%
Afghanistan
88%
Andes
85%
Amsterdam
84%
Athens
82%
Alps
80%
Amazon
77%
Atlanta
74%
Alberta
72%
Adriatic Sea
61%
Arabian Sea
61%
Antananarivo
51%
Abuja
48%
Atlas Mountains
47%
Anatolia
44%
Almaty
30%
Amur
20%
No matching quizzes found
Score Distribution
Percent of People with Each Score
Percentile by Number Answered
Your Score History
You have not taken this quiz